Examination of Digital Literacy Models
Salvato in:
| Autore principale: | |
|---|---|
| Altri autori: | , |
| Natura: | Capitolo di libro |
| Lingua: | inglese |
| Soggetti: | |
| Tags: |
Nessun Tag, puoi essere il primo ad aggiungerne!!
|
MARC
| LEADER | 00000naa$a2200000$$$4500 | ||
|---|---|---|---|
| 001 | 0207832 | ||
| 005 | 20240502083519.8 | ||
| 041 | 0 | |a eng | |
| 044 | |a PL | ||
| 245 | 1 | 0 | |a Examination of Digital Literacy Models |c Mojmír Kokles, Anita Romanová, Anna Hamranová |
| 610 | 2 | 0 | |a gramotnosť digitálna |
| 610 | 2 | 0 | |a gramotnosť informačná |
| 610 | 2 | 0 | |a spoločnosť informačná |
| 610 | 2 | 0 | |a počítače |
| 610 | 2 | 0 | |a zručnosti |
| 610 | 2 | 0 | |a modely |
| 610 | 2 | 0 | |a informatika |
| 100 | 1 | |a Kokles, Mojmír | |
| 700 | 1 | |a Romanová, Anita, 1973- | |
| 700 | 1 | |a Hamranová, Anna, 1957- | |